Digital communications (Record no. 956)

000 -LEADER
fixed length control field 00508nam a2200205 a 4500
001 - CONTROL NUMBER
control field 956
003 - CONTROL NUMBER IDENTIFIER
control field BD-DhUET
008 - FIXED-LENGTH DATA ELEMENTS--GENERAL INFORMATION
fixed length control field 860516s1986 inua b 001 0 eng
020 ## - INTERNATIONAL STANDARD BOOK NUMBER
International Standard Book Number 0071181830
040 ## - CATALOGING SOURCE
Original cataloging agency DLC
Transcribing agency DLC
Modifying agency BD-DhUET
082 00 - DEWEY DECIMAL CLASSIFICATION NUMBER
Classification number 623.8
Item number PRO/2001
100 ## - MAIN ENTRY--PERSONAL NAME
Personal name Proakis, John G.
245 00 - TITLE STATEMENT
Title Digital communications
250 ## - EDITION STATEMENT
Edition statement 4th ed.
260 ## - PUBLICATION, DISTRIBUTION, ETC. (IMPRINT)
Place of publication, distribution, etc. Boston
Name of publisher, distributor, etc. McGraw-Hill
Date of publication, distribution, etc. 2001
300 ## - PHYSICAL DESCRIPTION
Extent xxi,1002p..
504 ## - BIBLIOGRAPHY, ETC. NOTE
Bibliography, etc Includes bibliographies

650 #0 - SUBJECT ADDED ENTRY--TOPICAL TERM
Topical term or geographic name as entry element Digital communications.
942 ## - ADDED ENTRY ELEMENTS (KOHA)
Koha item type General Book
Holdings
Date acquired Shelving location Sublocation or collection (holding branch) Source of classification or shelving scheme Piece designation (barcode) Location (home branch) Koha full call number Not for loan Price effective from Koha date last seen Koha date last borrowed Damaged status Koha issues (times borrowed) Withdrawn status Copy number Lost status Koha item type Koha normalized classification for sorting
2014-08-26Circulation sectionCentral Library, BUET 103342Central Library, BUET623.8/PRO/2001 2014-08-262014-08-26    1 General Book623_000000000000000_8PRO2001
2014-08-26Circulation sectionCentral Library, BUET 103344Central Library, BUET623.8/PRO/2001 2014-08-262017-07-30    2 General Book623_000000000000000_8PRO2001
2014-08-26Circulation sectionCentral Library, BUET 103345Central Library, BUET623.8/PRO/2001 2014-08-262015-06-08    3 General Book623_000000000000000_8PRO2001
2014-08-26Circulation sectionCentral Library, BUET 103346Central Library, BUET623.8/PRO/2001 2014-08-262015-08-182015-05-20 1 4 General Book623_000000000000000_8PRO2001
2014-08-26Circulation sectionCentral Library, BUET 103347Central Library, BUET623.8/PRO/2001 2014-08-262014-08-26    5 General Book623_000000000000000_8PRO2001
2014-08-26Circulation sectionCentral Library, BUET 103348Central Library, BUET623.8/PRO/2001 2014-08-262018-08-292018-08-06 2 6 General Book623_000000000000000_8PRO2001
2014-08-26Circulation sectionCentral Library, BUET 103349Central Library, BUET623.8/PRO/2001 2014-08-262018-09-112018-08-29 1 7 General Book623_000000000000000_8PRO2001
2014-08-26Circulation sectionCentral Library, BUET 103350Central Library, BUET623.8/PRO/2001 2014-08-262015-08-16    8 General Book623_000000000000000_8PRO2001
2014-08-26Circulation sectionCentral Library, BUET 107674Central Library, BUET623.8/PRO/2001 2014-08-262015-03-01    9 General Book623_000000000000000_8PRO2001
2007-05-07Circulation sectionCentral Library, BUET 103343Central Library, BUET623.8/PRO/2001 2017-05-162018-09-092018-08-28 1 10 General Book623_800000000000000_PRO_2001